[Event "San Bernardino op"]
[Site "San Bernardino"]
[Date "2022.02.05"]
[Round "2"]
[White "Seifert, Josef Maria"]
[Black "Atlas, Daniel"]
[Result "1/2-1/2"]
[WhiteElo "1381"]
[BlackElo "963"]
[PlyCount "34"]
[EventDate "2022.02.04"]
[EventType "swiss"]
[EventRounds "5"]
[EventCountry "SUI"]
[SourceTitle "EXT 2023"]
[Source "ChessBase"]
[SourceDate "2022.10.05"]
[SourceVersion "1"]
[SourceVersionDate "2022.10.05"]
[SourceQuality "1"]

1. d4 d5 2. Nf3 Nc6 3. Nc3 Nf6 4. e3 Bg4 5. Be2 e6 6. 0-0 Bb4 7. Bd2 0-0 8. h3 Bh5 9. a3 Bd6 10. Nh2 Bxe2 11. Qxe2 Ne7 12. f4 Ne4 13. Be1 Nf5 14. Rf3 Qf6 15. Ng4 Ng5 16. Ne5 Bxe5 17. fxe5 Qg6 1/2-1/2